<?xml version="1.0" encoding="UTF-8"?>
<collection xmlns="http://www.loc.gov/MARC21/slim">
 <record>
  <leader>03359nam a2200313 a 4500</leader>
  <controlfield tag="001">1/30612</controlfield>
  <controlfield tag="008">      s2000    lu     f      00010 gre d</controlfield>
  <datafield tag="022" ind1="0" ind2=" ">
   <subfield code="a">0254-1483</subfield>
  </datafield>
  <datafield tag="028" ind1="3" ind2="1">
   <subfield code="a">KT-CO-00-372-GR-C (1ος τ.)</subfield>
  </datafield>
  <datafield tag="028" ind1="3" ind2="1">
   <subfield code="a">KT-CO-00-373-GR-C (2ος τ.)</subfield>
  </datafield>
  <datafield tag="028" ind1="3" ind2="1">
   <subfield code="a">KT-CO-00-374-GR-C (3ος τ.)</subfield>
  </datafield>
  <datafield tag="028" ind1="3" ind2="1">
   <subfield code="a">KT-CO-00-375-GR-C (4ος τ.)</subfield>
  </datafield>
  <datafield tag="028" ind1="3" ind2="1">
   <subfield code="a">KT-CO-00-376-GR-C (5ος τ.)</subfield>
  </datafield>
  <datafield tag="028" ind1="3" ind2="1">
   <subfield code="a">KT-CO-00-377-GR-C (6ος τ.)</subfield>
  </datafield>
  <datafield tag="035" ind1=" " ind2=" ">
   <subfield code="l">32780</subfield>
  </datafield>
  <datafield tag="040" ind1=" " ind2=" ">
   <subfield code="a">GR-PeUP</subfield>
  </datafield>
  <datafield tag="084" ind1="-" ind2="-">
   <subfield code="2">KET</subfield>
   <subfield code="a">COM (2000) 92 τελικό</subfield>
  </datafield>
  <datafield tag="110" ind1="2" ind2=" ">
   <subfield code="a">Επιτροπή των Ευρωπαϊκών Κοινοτήτων.</subfield>
  </datafield>
  <datafield tag="245" ind1="1" ind2="0">
   <subfield code="a">Δέκατη Έβδομη Ετήσια Έκθεση για τον έλεγχο της εφαρμογής του κοινοτικού ελέγχου (1999)/</subfield>
   <subfield code="c">Επιτροπή των Ευρωπαϊκών Κοινοτήτων</subfield>
  </datafield>
  <datafield tag="260" ind1="0" ind2=" ">
   <subfield code="a">Βρυξέλλες, Λουξεμβούργο:</subfield>
   <subfield code="b">Υπηρεσία Επισήμων Εκδόσεων των Ευρωπαϊκών Κοινοτήτων,</subfield>
   <subfield code="c">23.6.2000</subfield>
  </datafield>
  <datafield tag="300" ind1=" " ind2=" ">
   <subfield code="a">6τ.</subfield>
  </datafield>
  <datafield tag="500" ind1=" " ind2=" ">
   <subfield code="a">Περιεχόμενα: τ. 1. Πρόλογος, Κατάσταση στους διάφορους τομείς. τ. 2. Παράρτημα Ι: Παραβάσεις, προέλευση. Παράρτημα ΙΙ: Παραβάσεις κατανομή ανά στάδιο, νομική βάση, κράτος μέλος και τομέα. τ. 3. Παράρτημα ΙΙΙ: Επισκόπηση των παραβάσεων των συνθηκών, κανονισμών και αποφάσεων. τ. 4. Παράρτημα IV, Μέρος 1: Κατάσταση εφαρμογής των οδηγιών. τ.5. Παράρτημα IV, Μέρος 1: Ανακεφαλαιωτικός πίνακας. Κατάσταση ανακοίνωσης των εθνικών μέτρων εκτέλεσης των οδηγιών (κατάσταση στις 31 Δεκεμβρίου 1999), Μέρος 2: Παραβάσεις μη συμμόρφωσης. Μέρος 3: Παραβάσεις λόγω κακής εφαρμογής των οδηγιών. τ. 6. Παράρτημα V: Αποφάσεις του Δικαστηρίου που εκδόθηκαν μέχρι τις 31 Δεκεμβρίου 1999 και δεν έχουν ακόμη εκτελεστεί. Παράρτημα VI: Σύνοψη της εφαρμογής του κοινοτικού δικαίου από τα εθνικά δικαστήρια.</subfield>
  </datafield>
  <datafield tag="852" ind1=" " ind2=" ">
   <subfield code="a">INST</subfield>
   <subfield code="b">UNIPILB</subfield>
   <subfield code="c">KET</subfield>
   <subfield code="e">20060831</subfield>
   <subfield code="h">COM (2000) 92</subfield>
   <subfield code="p">COM (2000) 92a</subfield>
   <subfield code="q">COM (2000) 92a</subfield>
   <subfield code="t">NOLOAN</subfield>
   <subfield code="y">23</subfield>
   <subfield code="4">1</subfield>
  </datafield>
  <datafield tag="852" ind1=" " ind2=" ">
   <subfield code="a">INST</subfield>
   <subfield code="b">UNIPILB</subfield>
   <subfield code="c">KET</subfield>
   <subfield code="e">20060831</subfield>
   <subfield code="h">COM (2000) 92</subfield>
   <subfield code="p">COM (2000) 92b</subfield>
   <subfield code="q">COM (2000) 92b</subfield>
   <subfield code="t">NOLOAN</subfield>
   <subfield code="y">23</subfield>
   <subfield code="4">1</subfield>
  </datafield>
  <datafield tag="852" ind1=" " ind2=" ">
   <subfield code="a">INST</subfield>
   <subfield code="b">UNIPILB</subfield>
   <subfield code="c">KET</subfield>
   <subfield code="e">20060831</subfield>
   <subfield code="h">COM (2000) 92</subfield>
   <subfield code="p">COM (2000) 92c</subfield>
   <subfield code="q">COM (2000) 92c</subfield>
   <subfield code="t">NOLOAN</subfield>
   <subfield code="y">23</subfield>
   <subfield code="4">1</subfield>
  </datafield>
  <datafield tag="852" ind1=" " ind2=" ">
   <subfield code="a">INST</subfield>
   <subfield code="b">UNIPILB</subfield>
   <subfield code="c">KET</subfield>
   <subfield code="e">20060831</subfield>
   <subfield code="h">COM (2000) 92</subfield>
   <subfield code="p">COM (2000) 92d</subfield>
   <subfield code="q">COM (2000) 92d</subfield>
   <subfield code="t">NOLOAN</subfield>
   <subfield code="y">23</subfield>
   <subfield code="4">1</subfield>
  </datafield>
  <datafield tag="852" ind1=" " ind2=" ">
   <subfield code="a">INST</subfield>
   <subfield code="b">UNIPILB</subfield>
   <subfield code="c">KET</subfield>
   <subfield code="e">20060831</subfield>
   <subfield code="h">COM (2000) 92</subfield>
   <subfield code="p">COM (2000) 92e</subfield>
   <subfield code="q">COM (2000) 92e</subfield>
   <subfield code="t">NOLOAN</subfield>
   <subfield code="y">23</subfield>
   <subfield code="4">1</subfield>
  </datafield>
  <datafield tag="852" ind1=" " ind2=" ">
   <subfield code="a">INST</subfield>
   <subfield code="b">UNIPILB</subfield>
   <subfield code="c">KET</subfield>
   <subfield code="e">20060831</subfield>
   <subfield code="h">COM (2000) 92</subfield>
   <subfield code="p">COM (2000) 92f</subfield>
   <subfield code="q">COM (2000) 92f</subfield>
   <subfield code="t">NOLOAN</subfield>
   <subfield code="y">23</subfield>
   <subfield code="4">1</subfield>
  </datafield>
  <datafield tag="856" ind1="7" ind2="8">
   <subfield code="u">https://eur-lex.europa.eu/legal-content/EL/TXT/HTML/?uri=CELEX:52000DC0092&amp;qid=1549955113794&amp;from=EL</subfield>
  </datafield>
 </record>
</collection>
